Business ethics at work

Αποθηκεύτηκε σε:
Λεπτομέρειες βιβλιογραφικής εγγραφής
Κύριος συγγραφέας: Vallance, Elizabeth
Μορφή: Βιβλίο
Γλώσσα:English
Δημοσίευση: Melbourne : Cambridge University Press, c1995
Θέματα:
Ετικέτες: Προσθήκη ετικέτας
Δεν υπάρχουν, Καταχωρήστε ετικέτα πρώτοι!

MARC

LEADER 00000nam a2200000 i 4500
001 1/55405
008 980414s1995 eng d
020 |a 0521405688 
035 |l 10027844 
040 |a GR-MY-UA  |b gre  |e aacr 
041 0 |a eng 
082 0 |a 174.4 
100 1 |a Vallance, Elizabeth. 
245 1 0 |a Business ethics at work /  |c Elizabeth Vallance 
260 |a Melbourne :   |b Cambridge University Press,   |c c1995 
300 |a 191 p. 
504 |a Includes bibliography and index 
650 0 0 |a Business ethics. 
650 0 0 |a Management  |x Moral and ethical aspects. 
852 |a INST  |b CHIOS  |e 19980414  |h 174.4 VAL  |p 005200009537  |q 005200009537  |t BK  |y 0 
901 |a BIBL-1998-1 
909 |a Χ  |b 054354 
922 |a 2ΕΛΗ  |b 199803  |c ΤΔΕ  |d ΠΑΠΑΣΩΤΗΡΙΟΥ